000 01229cam a2200313 a 4500
001 15311918
005 20201128020720.0
008 080602s2009 njuabf b 001 0 eng
010 _a2008023598
015 _aGBA894671
_2bnb
016 7 _a014681154
_2Uk
020 _a0321510100 (pbk. : alk. paper)
020 _a9780321510105 (pbk. : alk. paper)
035 _a(OCoLC)ocn227921903
035 _a(OCoLC)227921903
040 _aDLC
_cDLC
_dDLC
050 0 0 _aTK5105.59
_b.M369 2009
082 0 0 _a005.8
_222
_bMAR
100 1 _aMarty, Raffael,
_d1976-
_92946
245 1 0 _aApplied Security Visualization /
_cRaffael Marty.
260 _aUpper Saddle River, NJ :
_bAddison-Wesley,
_cc2009.
300 _axxiii, 523 p., [16] p. of plates :
_bill. (some col.), maps (some col.) ;
_c24 cm. +
_e1 CD-ROM (4 3/4 in.)
504 _aIncludes bibliographical references and index.
650 0 _aComputer networks
_xSecurity measures.
_92947
650 0 _aInformation visualization.
_92948
650 0 _aComputer security.
_92949
942 _2ddc
_cBB
999 _c11142
_d11142